000 00709nam a22002057a 4500
005 20131220112027.0
010 _aENG-108895
020 _a9789382983057
_c1195.00
035 _aEN-92428
037 _bDBAD/PUB
082 _a352.3802854
100 _aMiluwi, Joshua O.
245 _aE-governance democracy and administration strategy /
_cby Joshua O. Miluwi [and] Hina Rashid
260 _aNew Delhi
_bManglam Publications
_c2013
270 _aK-129 Gali No. 3 Near Shiv Om Jwelers 3-1/2 Pusta Gautam Vihar
_bNew Delhi
_e110053
300 _a346p.
_c22cm(Hb)
500 _aIncludes bibliographical references and index
700 _aHina Rashid
942 _2ddc
_cEN
_mMIL
_h352.3802854
999 _c81245
_d81245